Hydrology Ground Water Conservation (Record no. 7963)

000 -LEADER
fixed length control field 00365nam a22001457a 4500
003 - CONTROL NUMBER IDENTIFIER
control field OSt
005 - DATE AND TIME OF LATEST TRANSACTION
control field 20200610163247.0
008 - FIXED-LENGTH DATA ELEMENTS--GENERAL INFORMATION
fixed length control field 200610b ||||| |||| 00| 0 eng d
020 ## - INTERNATIONAL STANDARD BOOK NUMBER
International Standard Book Number 9788192485423
082 ## - DEWEY DECIMAL CLASSIFICATION NUMBER
Classification number 551.49
Item number SON
100 ## - MAIN ENTRY--PERSONAL NAME
Personal name Sondge S.K.
245 ## - TITLE STATEMENT
Title Hydrology Ground Water Conservation
260 ## - PUBLICATION, DISTRIBUTION, ETC. (IMPRINT)
Place of publication, distribution, etc New Delhi
Name of publisher, distributor, etc Nisha Publications,
Date of publication, distribution, etc 2015
942 ## - ADDED ENTRY ELEMENTS (KOHA)
Source of classification or shelving scheme
Holdings
Withdrawn status Lost status Source of classification or shelving scheme Damaged status Koha normalized classification for sorting Not for loan Permanent location Current location Date acquired Full call number Barcode Date last seen Price effective from Koha item type
        551_490000000000000_SON   BMS College of Architecture, Design and Planning BMS College of Architecture, Design and Planning 2020-06-10 551.49 SON AR-UG1364 2020-06-10 2020-06-10 UG Books
Copyright © 2025, The Librarian, Library and Information Centre, BMSCA D&P, Bengaluru. All Rights Reserved
web counter

Powered by Koha